Biopharmaceutics and pharmacokinetics (Record no. 35872)

MARC details
000 -LEADER
fixed length control field 00476nam a22001697a 4500
005 - DATE AND TIME OF LATEST TRANSACTION
control field 20240607163046.0
008 - FIXED-LENGTH DATA ELEMENTS--GENERAL INFORMATION
fixed length control field 240607b |||||||| |||| 00| 0 eng d
082 ## - DEWEY DECIMAL CLASSIFICATION NUMBER
Classification number 615.7
Item number NAD-B
100 ## - MAIN ENTRY--AUTHOR
Author Name Nadeem Irfan Bukhari
245 ## - TITLE STATEMENT
Title Biopharmaceutics and pharmacokinetics
Remainder of title An activity based learning
250 ## - EDITION STATEMENT
Edition statement 4th ed.
260 ## - PUBLICATION, DISTRIBUTION, ETC.
Place of Publication Pakistan :
Name of publisher, distributor, etc. Nadeem irfan ;
Date of publication, distribution, etc. 2023 .
300 ## - PHYSICAL DESCRIPTION
Pages 247 p.
650 ## - SUBJECT ADDED ENTRY--TOPICAL TERM
Subject / Department pharmaceutics / Medical
300 ## - PHYSICAL DESCRIPTION
-- 28.5 cm
952 ## - LOCATION AND ITEM INFORMATION (KOHA)
-- 0
-- 0
952 ## - LOCATION AND ITEM INFORMATION (KOHA)
-- 0
-- 0
Holdings
Lost status Damaged status Collection code Permanent Location Current Location Shelving Location Date acquired Full Call Number Accession No./Barcode Date last seen item type Koha item type
    Medical Superior Information Resource Center (SIRC) Superior University- Main Campus Superior Information Resource Center (SIRC) Superior University- Main Campus Medical 06/07/2024 615.7 NAD-B 2023 400005 06/07/2024 BOOK BOOK
    Medical Superior Information Resource Center (SIRC) Superior University- Main Campus Superior Information Resource Center (SIRC) Superior University- Main Campus Medical 06/07/2024 615.7 NAD-B 2023 400006 06/07/2024 BOOK BOOK

Powered by Koha